Statistics for GAA Senior Football Championship Top Scorers

Click here to take the quiz!

General Stats

  • This quiz has been taken 19 times
  • The average score is 13 of 25

Answer Stats

TeamGoalsPointsTotalYearAnswer% Correct
Kerry232833522002-2017Colm Cooper
94%
Dublin112402732013-Dean Rock
88%
Mayo303374272011-Cillian O'Connor
82%
Donegal42042162007-Michael Murphy
82%
Dublin211972602006-2019Bernard Brogan
76%
Monaghan92412682005-Conor McManus
76%
Kerry122052411988-2001Maurice Fitzgerald
76%
Tyrone91922191989-2005Peter Canavan
76%
Dublin161812291980-1991Barney Rock
71%
Kerry191231801974-1991Pat Spillane
71%
Kildare82602841999-2014John Doyle
59%
Galway122292651997-2012Pádraic Joyce
59%
Armagh111972301994-2008Oisin McConville
53%
Tyrone91812082002-2017Sean Cavanagh
53%
Armagh181972511999-2011Steven McDonnell
53%
Derry172022531999-2012Paddy Bradley
41%
Laois61761942003-Ross Munnelly
41%
Offaly131421811978-1984Matt Connor
35%
Kerry292052921973-1988Mikey Sheehy
24%
Cork51821971993-2004Colin Corkery
18%
Meath92062331986-1995Brian Stafford
12%
Kerry111491821995-2005Dara O'Cinneide
12%
Dublin151822271964-1980Jimmy Keaveney
6%
Down151582031954-1971Paddy Doherty
6%
Offaly42102221965-1975Tony McTague
6%

Score Distribution

Percentile by Number Answered

Percent of People with Each Score

Your Score History

You have not taken this quiz